Normal view
MARC view
Entry Personal Name
001 - CONTROL NUMBER
- control field: 46123
003 - CONTROL NUMBER IDENTIFIER
- control field: dpl
005 - DATE AND TIME OF LATEST TRANSACTION
- control field: 20120501134953.0
008 - FIXED-LENGTH DATA ELEMENTS
- fixed length control field: 120501|||a|||||| | ||| d
040 ## - CATALOGING SOURCE
- Original cataloging agency: dpl
- Transcribing agency: dpl
100 ## - HEADING--PERSONAL NAME
- Personal name: Sharma, Sadhna
670 ## - SOURCE DATA FOUND
- Source citation: Work cat.: (dpl): States politics in India /, 1995
670 ## - SOURCE DATA FOUND
- Source citation: Work cat.: (dpl): States politics in India /, 1995
